Diseño del puente Yaule El Guayacán con súper estructura pretensada
Presenta una metodología básica de diseño de puente vigas-losa (pretensado) en una forma elemental y sencilla, apegada a las normas AASHTO. Las obras realizadas como parte de la rehabilitación y mejoramiento de la carretera son: reforzar las estructuras de pavimentos existentes, cambios en la ge...
| Main Authors: | , |
|---|---|
| Other Authors: | |
| Format: | Tesis Section = Libro |
| Language: | Undetermined Spanish |
| Published: |
Managua
UNI
2006
|
| Subjects: |
| LEADER | 01279nam a2200277Ia 4500 | ||
|---|---|---|---|
| 008 | 240830s9999 xx 000 0 und d | ||
| 040 | |a BIBLIOTECA-RUPAP Mon 624.2 R457 | ||
| 041 | |a spa | ||
| 082 | |a Mon 624.2 R457 | ||
| 100 | 1 | |a Reyes Aguirre, Porfirio Edelberto | |
| 100 | 1 | |b Rodríguez García, Luis Manuel | |
| 245 | 1 | 0 | |a Diseño del puente Yaule El Guayacán con súper estructura pretensada |
| 260 | |a Managua |b UNI |c 2006 | ||
| 300 | |a 138 p. :il. | ||
| 500 | |a Contiene: anexos. | ||
| 502 | |a Tesis (Ingeniero Civil)- UNI, 2006. | ||
| 520 | 3 | |a Presenta una metodología básica de diseño de puente vigas-losa (pretensado) en una forma elemental y sencilla, apegada a las normas AASHTO. Las obras realizadas como parte de la rehabilitación y mejoramiento de la carretera son: reforzar las estructuras de pavimentos existentes, cambios en la geometría de la carretera y reemplazo de puentes. Los puentes a reconstruirse son: Puente Yaule, El Guayacán, La Tijerina y Waswalí. | |
| 650 | 7 | |a PUENTES | |
| 650 | 7 | |b INGENIERIA DE ESTRUCTGURAS | |
| 650 | 7 | |c PUENTES-DISEÑO | |
| 650 | 7 | |d PUENTES-MEJORAMIENTO Y REPARACION | |
| 650 | 7 | |e PUENTES DE HORMIGON | |
| 700 | 1 | |a Tutor: |b Obregón Aguilar, Sergio | |
| 942 | |c BK |2 ddc | ||
| 991 | |a TESIS | ||
| 999 | |c 15934 | ||